| 000 | 00971nas a2200313 454500 | ||
|---|---|---|---|
| 001 | IICA0700879 | ||
| 003 | BR-BrBNA | ||
| 005 | 20260323111547.0 | ||
| 007 | ta | ||
| 008 | 260323b bl.|||p| |||| 00| 00por d | ||
| 040 |
_aBR-BrBNA _bpor _cBiblioteca Nacional de Agricultura |
||
| 041 | _a(Es) | ||
| 072 | _aF02 | ||
| 100 | 1 | _aScholl, J.M. | |
| 100 | 1 | _aLobato, J.F.P. | |
| 100 | 1 | _aBarreto, I. | |
| 245 | 1 | _aImprovement of pastures by direct seeding into native grass in Southern Brazil with oats, and with nitrogen supplied by fertilizer or arrowleaf clover | |
| 300 | _av. 26(2) p. 144-149 | ||
| 650 | _aAVEIA | ||
| 650 | _aAVENA SATIVA | ||
| 650 | _aTRIFOLIUM VESICULOSUM | ||
| 650 | _aTREVO VESICULOSO | ||
| 650 | _aPASTAGEM | ||
| 650 | _aFORRAGEIRA DE INVERNO | ||
| 650 | _aUREIA | ||
| 773 | 0 |
_tTURRIALBA (IICA) _X0041-4360 _g(Apr-Jun 1976), v. 26(2) p. 144-149 _wIICA0700879 |
|
| 909 |
_a202603 _bLúcia _c55 _dLúcia Elande |
||
| 942 |
_2IICA _n0 _cANA |
||
| 999 |
_c340870 _d340870 |
||